Statistics for Top 15 Bravo Shows (IMDB)

Click here to take the quiz!

General Stats

  • This quiz has been taken 10 times
    (5 since last reset)
  • The average score is 1 of 15

Answer Stats

ShowYear(s)IMDB% Correct
Top Chef2006-Present7.7
60%
Below Deck2013-Present7.5
40%
Project Runway2004-2008, 2019-Present7.4
40%
Below Deck Mediterranean2016-Present7.6
0%
Below Deck Sailing Yacht2020-Present7.4
0%
Ca$h Cab2019-Present7.1
0%
Family Karma2020-Present7.2
0%
Imposters2017-20187.8
0%
Inside the Actors Studio1994-20188.6
0%
Kathy Griffin: My Life on the D-List2005-20107.4
0%
Million Dollar Listing New York2012-Present7.4
0%
Tabatha Takes Over2008-20137.1
0%
The 100 Scariest Movie Moments20048.5
0%
The People's Couch2013-20168.5
0%
Work of Art: The Next Great Artist2010-20117.5
0%

Score Distribution

Percentile by Number Answered

Percent of People with Each Score

Your Score History

You have not taken this quiz since the last reset